[Event "11th Essent op"]
[Site "Hoogeveen NED"]
[Date "2007.10.14"]
[Round "3.14"]
[White "Van Eijk, Sander"]
[Black "Safarli, Eltaj"]
[Result "0-1"]
[WhiteElo "2275"]
[BlackElo "2488"]
[EventDate "2007.10.12"]
[PlyCount "110"]

1.e4 c5 2.Nf3 Nc6 3.d4 cxd4 4.Nxd4 Nf6 5.Nc3 e5 6.Ndb5 d6 7.Bg5 a6 8.Na3 
b5 9.Bxf6 gxf6 10.Nd5 f5 11.c3 Bg7 12.exf5 Bxf5 13.Nc2 O-O 14.Nce3 Be6 15.
Bd3 f5 16.Bc2 Kh8 17.Qh5 e4 18.Nf4 Qf6 19.O-O Ne7 20.Bb3 Bg8 21.f3 b4 22.
Rac1 bxc3 23.bxc3 Qe5 24.fxe4 fxe4 25.Bxg8 Kxg8 26.Ned5 Nxd5 27.Qxe5 Bxe5 
28.Nxd5 Rxf1+ 29.Rxf1 Rb8 30.Nf6+ Kg7 31.Nxe4 Rb2 32.Rf2 Rb1+ 33.Rf1 Rb2 
34.Rf2 Rb1+ 35.Rf1 Bxh2+ 36.Kf2 Rb2+ 37.Kf3 d5 38.Nf2 Rc2 39.Nd1 Rd2 40.g3
Rc2 41.Rf2 Rxf2+ 42.Kxf2 Kf6 43.Kg2 Bxg3 44.Kxg3 Ke5 45.Kf3 a5 46.Ke3 h5 
47.Kd3 h4 48.c4 d4 49.c5 Kd5 50.c6 Kxc6 51.Kxd4 h3 52.Nf2 h2 53.Kc4 Kd6 
54.Kb5 Ke6 55.Kxa5 Kf5 0-1

[Event "11th Essent op"]
[Site "Hoogeveen NED"]
[Date "2007.10.14"]
[Round "3.15"]
[White "Okkes, Menno"]
[Black "Kuipers, Stefan"]
[Result "1/2-1/2"]
[WhiteElo "2386"]
[BlackElo "2283"]
[EventDate "2007.10.12"]
[PlyCount "38"]

1.e4 c6 2.d4 d5 3.Nc3 dxe4 4.Nxe4 Bf5 5.Ng3 Bg6 6.Bc4 e6 7.N1e2 Nd7 8.Nf4 
Qc7 9.c3 O-O-O 10.O-O Bd6 11.Qf3 Ngf6 12.h3 Rdf8 13.Be3 Nb6 14.Bb3 Nbd5 
15.Nxg6 hxg6 16.Bd2 Nf4 17.Rfe1 g5 18.Ne4 Nxe4 19.Rxe4 Kb8 1/2-1/2

[Event "11th Essent op"]
[Site "Hoogeveen NED"]
[Date "2007.10.14"]
[Round "3.16"]
[White "Tondivar, Babak"]
[Black "Mamedjarova, Turkan"]
[Result "0-1"]
[WhiteElo "2353"]
[BlackElo "2227"]
[EventDate "2007.10.12"]
[PlyCount "78"]

1.d4 Nf6 2.c4 g6 3.g3 Bg7 4.Bg2 O-O 5.Nc3 d6 6.Nf3 Nbd7 7.O-O e5 8.e4 exd4
9.Nxd4 Ne5 10.b3 Rb8 11.h3 a6 12.Rb1 Bd7 13.a4 Nc6 14.Nc2 Qc8 15.h4 Bg4 
16.Qd2 Bh3 17.Re1 Nh5 18.Bb2 Bxg2 19.Kxg2 Qg4 20.Nd5 Bxb2 21.Rxb2 Ne5 22.
Qe2 Qxe2 23.Rxe2 c6 24.Nc3 f5 25.exf5 gxf5 26.f4 Nd3 27.Rb1 Rf6 28.Kf3 Rg6
29.Rg2 Kf7 30.Ne3 Re8 31.Rd1 Ndxf4 32.Rgg1 Nh3 33.Rg2 Nxg3 34.h5 Ng5+ 35.
Kf2 N5e4+ 36.Nxe4 Nxe4+ 37.Kf3 Rxg2 38.Kxg2 Kf6 39.Kf3 Ke5 0-1

[Event "11th Essent op"]
[Site "Hoogeveen NED"]
[Date "2007.10.14"]
[Round "3.18"]
[White "Bok, Benjamin"]
[Black "Erwich, Frank"]
[Result "1/2-1/2"]
[WhiteElo "2115"]
[BlackElo "2346"]
[EventDate "2007.10.12"]
[PlyCount "103"]

1.e4 e5 2.Nf3 Nc6 3.Bb5 Nge7 4.c3 a6 5.Ba4 g6 6.d4 exd4 7.cxd4 Bg7 8.O-O 
O-O 9.Nc3 b5 10.Bb3 Na5 11.Bc2 d6 12.h3 c5 13.Bg5 h6 14.Bf4 cxd4 15.Nxd4 
Nc4 16.Nce2 Qb6 17.b3 Na3 18.Be3 Nxc2 19.Qxc2 Qb7 20.Ng3 d5 21.Qd2 h5 22.
Bh6 h4 23.Bxg7 Kxg7 24.Ngf5+ gxf5 25.Qg5+ Ng6 26.Nxf5+ Bxf5 27.exf5 Qe7 
28.Qg4 Qe4 29.Qxe4 dxe4 30.fxg6 Kxg6 31.Rfd1 Rfd8 32.Kf1 Kg5 33.Ke2 Kf4 
34.Rxd8 Rxd8 35.Rc1 Rd6 36.Rc7 f5 37.Rh7 Kg5 38.Rg7+ Kf4 39.Rh7 Rc6 40.Kd2
e3+ 41.fxe3+ Kg3 42.Rg7+ Kf2 43.Rg5 b4 44.Rxf5+ Kxg2 45.e4 Rg6 46.e5 Kxh3 
47.Rf6 Rg5 48.e6 Kg2 49.e7 Rd5+ 50.Kc2 Re5 51.Rg6+ Kf3 52.Rh6 1/2-1/2

[Event "11th Essent op"]
[Site "Hoogeveen NED"]
[Date "2007.10.14"]
[Round "3.19"]
[White "Mamedjarova, Zeinab"]
[Black "Hamelink, Desiree"]
[Result "1-0"]
[WhiteElo "2342"]
[BlackElo "2202"]
[EventDate "2007.10.12"]
[PlyCount "99"]

1.d4 d5 2.c4 c6 3.e3 Nf6 4.Nf3 g6 5.Nc3 Bg7 6.Be2 O-O 7.O-O a6 8.b3 Bf5 9.
Bb2 b5 10.Ne5 Nfd7 11.g4 b4 12.gxf5 bxc3 13.Bxc3 gxf5 14.Kh1 e6 15.Rg1 Qh4
16.f4 Nxe5 17.dxe5 Nd7 18.Rg5 Kh8 19.Qf1 Qh6 20.Qg2 Nc5 21.Bf3 Rg8 22.Rg1 
Ne4 23.Bxe4 dxe4 24.Qe2 Qh3 25.R1g3 Qh4 26.Qg2 Rad8 27.Bd4 c5 28.Qf1 cxd4 
29.Rh3 Qxg5 30.fxg5 Bf8 31.exd4 Rxg5 32.Qf2 Rg4 33.Rg3 Rg6 34.Rxg6 fxg6 
35.Qd2 Bg7 36.Qe3 h6 37.h4 Kh7 38.c5 Rc8 39.b4 h5 40.a4 Bh6 41.Qc3 f4 42.
Qc2 e3 43.Kg2 Rd8 44.Qc4 e2 45.Qxe2 Rxd4 46.c6 Rxb4 47.c7 f3+ 48.Qxf3 Rc4 
49.Qf7+ Bg7 50.Qd7 1-0

[Event "11th Essent op"]
[Site "Hoogeveen NED"]
[Date "2007.10.14"]
[Round "3.20"]
[White "Ruijgrok, Dennis"]
[Black "Van Opheusden, Bas"]
[Result "1-0"]
[WhiteElo "2330"]
[BlackElo "2149"]
[EventDate "2007.10.12"]
[PlyCount "87"]

1.e4 c5 2.Nf3 d6 3.d4 cxd4 4.Nxd4 Nf6 5.Nc3 a6 6.f3 e5 7.Nb3 Be6 8.Be3 
Nbd7 9.Qd2 b5 10.a4 b4 11.Nd5 Bxd5 12.exd5 Nb6 13.Bxb6 Qxb6 14.a5 Qb7 15.
O-O-O g6 16.Kb1 Bg7 17.g4 O-O 18.h4 Rfe8 19.Bh3 e4 20.fxe4 Nxe4 21.Qf4 Re5
22.Bg2 Nf6 23.Rhf1 Rc8 24.Bf3 Qb5 25.g5 Rf5 26.Qd2 Nxd5 27.Be2 Qc6 28.Rxf5
gxf5 29.Bd3 f4 30.Bf5 Ne3 31.Bxc8 Qxc8 32.Re1 Bxb2 33.Rg1 Be5 34.h5 Qc3 
35.Qxc3 Bxc3 36.Nc1 Nc4 37.Nd3 f3 38.Rg4 Nd2+ 39.Kc1 d5 40.Rf4 Ne4 41.Rxf3
Nxg5 42.Rf5 Ne4 43.Rxd5 Bf6 44.Nxb4 1-0

[Event "11th Essent op"]
[Site "Hoogeveen NED"]
[Date "2007.10.14"]
[Round "3.21"]
[White "Hendriks, Richard V"]
[Black "Hedke, Fred"]
[Result "0-1"]
[WhiteElo "2125"]
[BlackElo "2323"]
[EventDate "2007.10.12"]
[PlyCount "52"]

1.e4 e5 2.Nf3 Nc6 3.d4 exd4 4.Nxd4 d6 5.Nc3 Nf6 6.Bf4 Be7 7.Qd2 O-O 8.
O-O-O a6 9.Be2 Nxd4 10.Qxd4 Be6 11.Kb1 Re8 12.h3 c5 13.Qe3 Qa5 14.Bg4 Bc4 
15.b3 d5 16.Nxd5 Bxd5 17.exd5 c4 18.Qd4 Bc5 19.Qd2 Bb4 20.Qc1 Nxd5 21.a4 
Nc3+ 22.Kb2 Nb5 23.Bf3 Nc3 24.Rd7 Nxa4+ 25.bxa4 Qxa4 26.Qb1 Qxd7 0-1

[Event "11th Essent op"]
[Site "Hoogeveen NED"]
[Date "2007.10.14"]
[Round "3.22"]
[White "Pg, Mohd Omar Ak Hirawa"]
[Black "Pijpers, Arthur"]
[Result "0-1"]
[WhiteElo "2316"]
[BlackElo "2000"]
[EventDate "2007.10.12"]
[PlyCount "52"]

1.e4 c5 2.Nc3 Nc6 3.f4 g6 4.Nf3 Bg7 5.Bc4 e6 6.O-O Nge7 7.d3 O-O 8.f5 d5 
9.Bb3 dxe4 10.f6 Bxf6 11.Nxe4 Bg7 12.Qe1 Nf5 13.Kh1 b6 14.Bg5 Qc7 15.g4 
Nd6 16.Nf6+ Bxf6 17.Bxf6 Ne8 18.Bc3 Bb7 19.Kg1 Rd8 20.Ng5 Nd4 21.Bxd4 Rxd4
22.Bxe6 Qc6 23.Rf3 Rf4 24.Qh4 h5 25.Nxf7 R8xf7 26.Bxf7+ Rxf7 0-1

[Event "11th Essent op"]
[Site "Hoogeveen NED"]
[Date "2007.10.14"]
[Round "3.23"]
[White "Kodentsov, Grigori"]
[Black "Sadallah, Osama"]
[Result "1-0"]
[WhiteElo "2307"]
[BlackElo "2108"]
[EventDate "2007.10.12"]
[PlyCount "33"]

1.e4 d6 2.d4 Nf6 3.Nc3 g6 4.f4 Bg7 5.Nf3 O-O 6.Bd3 Nbd7 7.e5 Ne8 8.Ne4 d5 
9.Neg5 Nb8 10.h4 h6 11.h5 Bg4 12.hxg6 hxg5 13.gxf7+ Rxf7 14.Nxg5 Qc8 15.
Bg6 Bxd1 16.Bxf7+ Kf8 17.Be6 1-0

[Event "11th Essent op"]
[Site "Hoogeveen NED"]
[Date "2007.10.14"]
[Round "3.24"]
[White "Meurs, Tom WA"]
[Black "Humphrey, Jonathan"]
[Result "0-1"]
[WhiteElo "2051"]
[BlackElo "2284"]
[EventDate "2007.10.12"]
[PlyCount "66"]

1.e4 c5 2.Nf3 e6 3.d4 cxd4 4.Nxd4 a6 5.Nc3 b5 6.Bd3 Qb6 7.Nb3 Qc7 8.O-O 
Bb7 9.Qe2 b4 10.Nb1 Nf6 11.N1d2 Nc6 12.Nc4 d5 13.exd5 Nxd5 14.Be3 Nxe3 15.
Qxe3 Ne7 16.Rad1 Nd5 17.Qg3 Qxg3 18.fxg3 Ra7 19.Nca5 Ne3 20.Nxb7 Rxb7 21.
a4 bxa3 22.bxa3 Nxd1 23.Rxd1 Bxa3 24.Ra1 Be7 25.Bxa6 Rb8 26.Bd3 O-O 27.Ra4
Rfd8 28.Be4 Rb4 29.Rxb4 Bxb4 30.Bd3 h5 31.h3 f5 32.Kf2 Kf7 33.Kf3 Kf6 0-1

[Event "11th Essent op"]
[Site "Hoogeveen NED"]
[Date "2007.10.14"]
[Round "3.25"]
[White "Visser, Yge"]
[Black "Schut, Donna"]
[Result "1-0"]
[WhiteElo "2470"]
[BlackElo "1999"]
[EventDate "2007.10.12"]
[PlyCount "35"]

1.e4 e6 2.d4 d5 3.Nd2 Nf6 4.e5 Nfd7 5.c3 c5 6.Bd3 Nc6 7.Ndf3 cxd4 8.cxd4 
f6 9.Nh3 Qc7 10.O-O f5 11.Nf4 Nb6 12.Ng5 Qe7 13.Qh5+ g6 14.Nxg6 hxg6 15.
Qxh8 Nxd4 16.Nh7 Bd7 17.Nf6+ Kd8 18.Bg5 1-0

[Event "11th Essent op"]
[Site "Hoogeveen NED"]
[Date "2007.10.14"]
[Round "3.26"]
[White "Van Kampen, Robin"]
[Black "Van der Veen, Jan"]
[Result "1-0"]
[WhiteElo "2475"]
[BlackElo "2144"]
[EventDate "2007.10.12"]
[PlyCount "51"]

1.e4 e5 2.Nf3 Nc6 3.Bb5 Bc5 4.O-O Nd4 5.Nxd4 Bxd4 6.c3 Bb6 7.d4 c6 8.Ba4 
d6 9.Qd3 Nf6 10.f4 O-O 11.Kh1 d5 12.fxe5 Nxe4 13.Nd2 f5 14.Nf3 Be6 15.g3 
h6 16.Be3 Qe8 17.Bd1 g5 18.Nd2 Qg6 19.Qe2 Nxd2 20.Bxd2 Rf7 21.Bc2 Qg7 22.
Rf2 Raf8 23.Rg1 Bd8 24.Qh5 Be7 25.h3 Qh8 26.Qg6+ 1-0

[Event "11th Essent op"]
[Site "Hoogeveen NED"]
[Date "2007.10.14"]
[Round "3.27"]
[White "Van Weersel, Arlette"]
[Black "Pruijssers, Roeland"]
[Result "1/2-1/2"]
[WhiteElo "2174"]
[BlackElo "2408"]
[EventDate "2007.10.12"]
[PlyCount "95"]

1.e4 e5 2.Nf3 Nc6 3.Bb5 a6 4.Bxc6 dxc6 5.O-O Qd6 6.Na3 b5 7.c3 c5 8.Nc2 
Bb7 9.d4 cxd4 10.cxd4 Nf6 11.Qe2 Nxe4 12.dxe5 Qb6 13.a4 Be7 14.Ncd4 Bc5 
15.Nb3 Be7 16.Nbd4 Bc5 17.Nb3 Bb4 18.Nbd4 bxa4 19.Rxa4 a5 20.Be3 Ba6 21.
Qc2 Bxf1 22.Qxe4 O-O 23.Ng5 Qh6 24.Nf5 Qh5 25.Ng3 Bxg2 26.Kxg2 Qg6 27.Qc4 
Rae8 28.Nf3 c5 29.Ra1 Rd8 30.Rc1 Rd3 31.Qe4 Rb3 32.Qxg6 hxg6 33.Rc2 Rd8 
34.Ne4 Rdd3 35.Ned2 Bxd2 36.Nxd2 Rb5 37.Ne4 Rdb3 38.Bc1 R3b4 39.Nxc5 f6 
40.exf6 gxf6 41.f3 g5 42.Ne4 Kg7 43.h3 Kg6 44.Rc6 Rb6 45.Rc8 Rb8 46.Rc6 
R8b6 47.Rc8 Rb8 48.Rc6 1/2-1/2

[Event "11th Essent op"]
[Site "Hoogeveen NED"]
[Date "2007.10.14"]
[Round "3.28"]
[White "Otte, Marijn Willem"]
[Black "Fayard, Alain"]
[Result "1-0"]
[WhiteElo "2155"]
[BlackElo "2360"]
[EventDate "2007.10.12"]
[PlyCount "57"]

1.e4 c5 2.Nf3 d6 3.d4 cxd4 4.Nxd4 Nf6 5.Nc3 Bd7 6.Bg5 e6 7.Qd2 a6 8.O-O-O 
b5 9.Bd3 Be7 10.f3 Nc6 11.Nxc6 Bxc6 12.h4 O-O 13.Kb1 b4 14.Ne2 d5 15.Nd4 
Bd7 16.e5 Ne8 17.Qe2 Nc7 18.f4 Nb5 19.Nb3 Rb8 20.Qh5 g6 21.Qh6 f5 22.exf6 
Bxf6 23.h5 Bg7 24.Bxd8 Bxh6 25.Be7 Rf7 26.hxg6 Rxe7 27.Rxh6 hxg6 28.Rdh1 
Rc8 29.Rxg6+ 1-0

[Event "11th Essent op"]
[Site "Hoogeveen NED"]
[Date "2007.10.14"]
[Round "3.29"]
[White "Afek, Yochanan"]
[Black "Giddins, Stephen"]
[Result "1-0"]
[WhiteElo "2350"]
[BlackElo "2190"]
[EventDate "2007.10.12"]
[PlyCount "47"]

1.e4 e6 2.d4 d5 3.e5 c5 4.c3 Nc6 5.Nf3 Bd7 6.Be2 Nge7 7.Na3 Ng6 8.Nc2 Be7 
9.Bd3 cxd4 10.cxd4 Nb4 11.Nxb4 Bxb4+ 12.Kf1 Qb6 13.h4 O-O 14.h5 Nh8 15.h6 
g6 16.Bg5 Rfc8 17.g3 Bb5 18.Kg2 Bxd3 19.Qxd3 Qa6 20.Qxa6 bxa6 21.Rac1 f5 
22.exf6 Nf7 23.Bf4 Bf8 24.g4 1-0

[Event "11th Essent op"]
[Site "Hoogeveen NED"]
[Date "2007.10.14"]
[Round "3.30"]
[White "Vedder, Richard"]
[Black "Hoffman, Ron"]
[Result "1-0"]
[WhiteElo "2297"]
[BlackElo "2158"]
[EventDate "2007.10.12"]
[PlyCount "61"]

1.e4 g6 2.h4 h5 3.d4 d6 4.Nc3 Bg7 5.Bc4 Nd7 6.Nh3 e6 7.Ng5 Qe7 8.Be3 a6 9.
a4 b6 10.Qd2 Bb7 11.f3 Ngf6 12.O-O O-O 13.Rae1 c5 14.Rd1 cxd4 15.Bxd4 Rfd8
16.Qf2 Rac8 17.Qe2 Ra8 18.f4 Nxe4 19.Ncxe4 d5 20.Bxg7 Kxg7 21.Nxf7 Kxf7 
22.Ng5+ Kf6 23.Bd3 Re8 24.Rde1 Qd6 25.Qe5+ Qxe5 26.fxe5+ Ke7 27.Rf7+ Kd8 
28.Bxg6 Rc8 29.Rh7 Nf8 30.Rxb7 Nxg6 31.Nf7# 1-0

[Event "11th Essent op"]
[Site "Hoogeveen NED"]
[Date "2007.10.14"]
[Round "3.31"]
[White "Van Kooten, Luuk"]
[Black "Vroombout, Enrico"]
[Result "1/2-1/2"]
[WhiteElo "2283"]
[BlackElo "2141"]
[EventDate "2007.10.12"]
[PlyCount "172"]

1.d4 Nf6 2.c4 g6 3.Nc3 Bg7 4.e4 d6 5.Bd3 e5 6.d5 c6 7.Nge2 Na6 8.O-O O-O 
9.a3 Ng4 10.h3 Nh6 11.Bc2 f5 12.exf5 gxf5 13.f4 Qb6+ 14.Kh1 e4 15.Na4 Qd8 
16.dxc6 bxc6 17.Be3 Be6 18.c5 dxc5 19.Nxc5 Nxc5 20.Bxc5 Qxd1 21.Raxd1 Rfb8
22.b4 a5 23.Nd4 Bd5 24.Bb3 Bxb3 25.Nxb3 axb4 26.axb4 Bf8 27.Nd4 Bxc5 28.
bxc5 Rb2 29.Nxc6 Raa2 30.Nd4 Kf7 31.Ra1 Rxg2 32.Rxa2 Rxa2 33.Rc1 Ng8 34.
Nxf5 Ne7 35.Nd6+ Ke6 36.Nxe4 Kf5 37.Rc4 Nd5 38.Ng3+ Ke6 39.f5+ Kf6 40.Re4 
Rc2 41.Re1 Nf4 42.Rf1 Ke5 43.f6 Rxc5 44.Re1+ Kd5 45.f7 Ng6 46.Re8 Rc3 47.
Nf5 Rxh3+ 48.Kg2 Ra3 49.Ne3+ Kc6 50.Re6+ Kd7 51.Rxg6 hxg6 52.f8=Q Rxe3 53.
Qg7+ Re7 54.Qxg6 Re6 55.Qf7+ Kd6 56.Kf3 Ke5 57.Ke3 Rf6 58.Qh5+ Rf5 59.Qh8+
Rf6 60.Qh2+ Kd5 61.Qh5+ Kd6 62.Ke4 Re6+ 63.Kd4 Ke7 64.Qg5+ Kd7 65.Qf5 Kd6 
66.Qc5+ Kd7 67.Kd5 Rf6 68.Qa7+ Ke8 69.Ke5 Rg6 70.Qb8+ Ke7 71.Qc7+ Ke8 72.
Kf5 Rh6 73.Qc8+ Ke7 74.Qc7+ Ke8 75.Qc8+ Ke7 76.Qc5+ Kd7 77.Qa7+ Kc8 78.
Qc5+ Kd7 79.Qd5+ Rd6 80.Qb7+ Ke8 81.Ke5 Rg6 82.Qh7 Rc6 83.Qg8+ Kd7 84.Qf7+
Kd8 85.Kd5 Rb6 86.Kc5 Ra6 1/2-1/2

[Event "11th Essent op"]
[Site "Hoogeveen NED"]
[Date "2007.10.14"]
[Round "3.33"]
[White "Van der Leest, Bert"]
[Black "Potze, Rudolf"]
[Result "1-0"]
[WhiteElo "2199"]
[BlackElo "2137"]
[EventDate "2007.10.12"]
[PlyCount "87"]

1.e4 c5 2.a3 e5 3.Bc4 Nf6 4.Nc3 Be7 5.f4 Nc6 6.d3 d6 7.f5 a6 8.Nf3 b5 9.
Ba2 h6 10.O-O Bb7 11.Nd5 Nd4 12.Nxf6+ Bxf6 13.Ne1 b4 14.c3 Nc6 15.axb4 
cxb4 16.Nc2 b3 17.Bxb3 Qb6+ 18.Ne3 Bg5 19.Rf3 Rb8 20.Kh1 Ne7 21.Nc4 Qc7 
22.Bxg5 hxg5 23.f6 d5 24.fxe7 dxc4 25.Bxc4 f6 26.Bxa6 Kxe7 27.Bc4 Rhd8 28.
Qa4 Rd6 29.Rff1 Rb6 30.Qa3+ Ke8 31.b3 Bc6 32.Qc5 Qd7 33.b4 Bb5 34.Qd5 Qxd5
35.exd5 Rc8 36.Rfd1 Bxc4 37.dxc4 Rxc4 38.d6 Rb7 39.Ra8+ Kd7 40.Rg8 Ke6 41.
Re8+ Kf7 42.Rd8 Rxc3 43.d7 Kg6 44.g4 1-0

[Event "11th Essent op"]
[Site "Hoogeveen NED"]
[Date "2007.10.14"]
[Round "3.34"]
[White "Klein, David"]
[Black "Vuilleumier, Alexandre"]
[Result "1/2-1/2"]
[WhiteElo "2086"]
[BlackElo "2315"]
[EventDate "2007.10.12"]
[PlyCount "70"]

1.e4 e6 2.d4 d5 3.Nd2 dxe4 4.Nxe4 Nd7 5.Nf3 Ngf6 6.Nxf6+ Nxf6 7.c3 Be7 8.
Ne5 Nd7 9.Qg4 O-O 10.Bh6 Bf6 11.Rd1 Qe7 12.Bd3 Rd8 13.O-O c5 14.Rfe1 cxd4 
15.cxd4 Nf8 16.Re3 Ng6 17.Bxg6 hxg6 18.Bf4 Rd5 19.Rh3 Bd7 20.Bg3 Ba4 21.b3
Be8 22.Bh4 Rad8 23.Bxf6 Qxf6 24.Nf3 Rc8 25.Qe4 Rc3 26.Qe1 Rc2 27.Rd2 Rxd2 
28.Qxd2 e5 29.Rh4 Bc6 30.Qe3 Qf5 31.h3 Qb1+ 32.Kh2 e4 33.Rxe4 Rf5 34.Rf4 
Rxf4 35.Qxf4 Bxf3 1/2-1/2

[Event "11th Essent op"]
[Site "Hoogeveen NED"]
[Date "2007.10.14"]
[Round "3.35"]
[White "Fehr, Axel"]
[Black "Markus, John Raymond"]
[Result "1/2-1/2"]
[WhiteElo "2150"]
[BlackElo "2264"]
[EventDate "2007.10.12"]
[PlyCount "44"]

1.c4 g6 2.g3 Bg7 3.Bg2 e5 4.Nc3 Nc6 5.e4 d6 6.Nge2 Nge7 7.d3 O-O 8.O-O Be6
9.Nd5 Qd7 10.Bg5 f6 11.Be3 f5 12.Qd2 Nd8 13.Rac1 c6 14.Nxe7+ Qxe7 15.exf5 
Bxf5 16.d4 Nf7 17.Rfd1 e4 18.h3 h5 19.Nf4 Kh7 20.b4 Bh6 21.h4 a6 22.a4 
Rac8 1/2-1/2

[Event "11th Essent op"]
[Site "Hoogeveen NED"]
[Date "2007.10.14"]
[Round "3.36"]
[White "Galje, Hans"]
[Black "Van den Berg, Ad"]
[Result "0-1"]
[WhiteElo "2143"]
[BlackElo "2248"]
[EventDate "2007.10.12"]
[PlyCount "108"]

1.d4 d6 2.e4 c5 3.d5 Nf6 4.Nc3 g6 5.f4 Bg7 6.Nf3 O-O 7.Be2 b5 8.e5 dxe5 9.
fxe5 Ng4 10.Bxb5 Nxe5 11.O-O Nbd7 12.Kh1 Nxf3 13.Qxf3 Ne5 14.Qg3 Bd7 15.
Be2 Qb6 16.Bf4 f6 17.b3 Rac8 18.Rad1 Nf7 19.Ne4 Bf5 20.Bf3 c4 21.Rfe1 cxb3
22.cxb3 g5 23.Be3 Qa5 24.Bd4 Qxa2 25.Nc5 Qa3 26.Qf2 Ne5 27.Ra1 Qb4 28.Ra4 
Qb8 29.Be2 Bc2 30.Rea1 Qd6 31.Ne6 Bxb3 32.Ra6 Qxd5 33.Nxf8 Bxf8 34.Rxa7 
Nc6 35.Be3 Nxa7 36.Rxa7 Ra8 37.Bf3 Rxa7 38.Bxa7 Qf7 39.Be3 Bd5 40.Be2 e6 
41.Bd3 Qe7 42.Bd4 e5 43.Be3 e4 44.Bc2 Qe6 45.h3 Be7 46.g4 h5 47.Qf5 Qxf5 
48.gxf5 h4 49.Kg2 Bd6 50.Bd4 Kf7 51.Kf2 Bg3+ 52.Kg1 Bf4 53.Kf2 g4 54.hxg4 
h3 0-1

[Event "11th Essent op"]
[Site "Hoogeveen NED"]
[Date "2007.10.14"]
[Round "3.37"]
[White "Ahlers, Ben"]
[Black "Friesen, Boris"]
[Result "1/2-1/2"]
[WhiteElo "2190"]
[BlackElo "2152"]
[EventDate "2007.10.12"]
[PlyCount "47"]

1.e4 e6 2.d4 d5 3.e5 c5 4.c3 Nc6 5.Nf3 Bd7 6.a3 Qb6 7.b4 cxd4 8.cxd4 Rc8 
9.Be2 Nge7 10.O-O Nf5 11.Bb2 Be7 12.Qd2 a6 13.Rd1 O-O 14.Nc3 Na7 15.Bd3 
Nh4 16.Nxh4 Bxh4 17.g3 Be7 18.Rac1 f5 19.exf6 Bxf6 20.Ne2 Bb5 21.Rc5 Bxd3 
22.Qxd3 Be7 23.Rxc8 Rxc8 24.Nf4 1/2-1/2

[Event "11th Essent op"]
[Site "Hoogeveen NED"]
[Date "2007.10.14"]
[Round "3.38"]
[White "Fernandez, Daniel Howard"]
[Black "Van Apeldoorn, Janton"]
[Result "0-1"]
[WhiteElo "2102"]
[BlackElo "2188"]
[EventDate "2007.10.12"]
[PlyCount "77"]

1.e4 c5 2.Nf3 Nc6 3.d4 cxd4 4.Nxd4 Nf6 5.Nc3 e5 6.Ndb5 d6 7.Bg5 a6 8.Na3 
b5 9.Bxf6 gxf6 10.Nd5 f5 11.c3 Bg7 12.Bd3 Be6 13.Nxb5 Bxd5 14.exd5 Ne7 15.
Na3 O-O 16.O-O e4 17.Bc2 Ng6 18.Qh5 Qf6 19.f4 Rab8 20.Bb3 Rfc8 21.Qe2 a5 
22.Nb5 Qd8 23.a4 Ne7 24.Kh1 Rc5 25.Rad1 Qd7 26.Bc4 Rbc8 27.Ba2 Kh8 28.g4 
Re8 29.g5 Ng6 30.Bb1 f6 31.b4 axb4 32.cxb4 Rcc8 33.gxf6 Bxf6 34.Ba2 Rg8 
35.Bb3 Nh4 36.Nd4 Rg2 37.Qe3 Qg7 38.Rf2 Bxd4 39.Qxd4 0-1

[Event "11th Essent op"]
[Site "Hoogeveen NED"]
[Date "2007.10.15"]
[Round "4.1"]
[White "Werle, Jan"]
[Black "Simutowe, Amon"]
[Result "1-0"]
[WhiteElo "2568"]
[BlackElo "2421"]
[EventDate "2007.10.12"]
[PlyCount "93"]

1.d4 Nf6 2.c4 e6 3.Nf3 Bb4+ 4.Nbd2 b6 5.a3 Bxd2+ 6.Bxd2 a5 7.e3 Bb7 8.Bd3 
Ne4 9.Bxe4 Bxe4 10.d5 O-O 11.Bc3 c5 12.Nd2 Bg6 13.h4 f6 14.h5 Bf7 15.h6 e5
16.hxg7 Kxg7 17.Qg4+ Bg6 18.f4 d6 19.f5 Qd7 20.e4 Rg8 21.Qg3 Na6 22.Nf3 
Qa4 23.fxg6 hxg6 24.Nh4 Kf7 25.Nf5 Rh8 26.Nxd6+ Ke7 27.Nf5+ Kf7 28.Nd6+ 
Ke7 29.Kd2 Kxd6 30.Bxe5+ fxe5 31.Qxg6+ Kc7 32.Rxh8 Rxh8 33.Qg7+ Qd7 34.
Qxh8 Qg4 35.Qxe5+ Kb7 36.Re1 Qxg2+ 37.Re2 Qg1 38.d6 Nb8 39.Qd5+ Nc6 40.e5 
Qb1 41.Kc3 a4 42.d7 Qc1+ 43.Kd3 Qb1+ 44.Ke3 Qc1+ 45.Rd2 Qe1+ 46.Kd3 Qb1+ 
47.Ke2 1-0

[Event "11th Essent op"]
[Site "Hoogeveen NED"]
[Date "2007.10.15"]
[Round "4.2"]
[White "Postny, Evgeny"]
[Black "Visser, Yge"]
[Result "1-0"]
[WhiteElo "2599"]
[BlackElo "2470"]
[EventDate "2007.10.12"]
[PlyCount "77"]

1.d4 Nf6 2.Nf3 g6 3.c4 Bg7 4.Nc3 O-O 5.e4 d6 6.Be2 e5 7.O-O Nc6 8.d5 Ne7 
9.b4 Ne8 10.c5 Kh8 11.Ba3 Ng8 12.b5 f5 13.Qb3 b6 14.cxd6 cxd6 15.Nd2 Ngf6 
16.Nc4 Bb7 17.Rad1 fxe4 18.Nd2 e3 19.fxe3 Bh6 20.Nc4 Rc8 21.Kh1 Rc7 22.Bb4
Bc8 23.h3 Bf5 24.Rf2 Rcf7 25.Rdf1 Qd7 26.Kh2 Ne4 27.Nxe4 Bxe4 28.Rxf7 Rxf7
29.Nd2 Rxf1 30.Bxf1 Qf5 31.Qc4 Bxe3 32.Nxe4 Bd4 33.Qe2 Qf4+ 34.g3 Qc1 35.
Nxd6 Nf6 36.Bd2 Qa3 37.Nf7+ Kg7 38.Ng5 Nh5 39.Qf3 1-0

[Event "11th Essent op"]
[Site "Hoogeveen NED"]
[Date "2007.10.15"]
[Round "4.4"]
[White "Nijboer, Friso"]
[Black "Peng, Zhaoqin"]
[Result "1-0"]
[WhiteElo "2559"]
[BlackElo "2419"]
[EventDate "2007.10.12"]
[PlyCount "59"]

1.e4 e6 2.d4 d5 3.Nc3 Nf6 4.e5 Nfd7 5.f4 c5 6.Nf3 Nc6 7.Be3 Be7 8.Qd2 O-O 
9.g3 cxd4 10.Nxd4 Nxd4 11.Bxd4 Nb8 12.Bg2 Nc6 13.Bf2 Rb8 14.Nb5 a6 15.Nd4 
Bd7 16.Nb3 Qc7 17.O-O Rfd8 18.Kh1 a5 19.c3 b5 20.Rac1 Rbc8 21.a3 a4 22.Nd4
Nxd4 23.Bxd4 Bc5 24.g4 Be8 25.f5 Qe7 26.f6 gxf6 27.exf6 Qf8 28.Rce1 Bxd4 
29.cxd4 Rc4 30.Re5 1-0

[Event "11th Essent op"]
[Site "Hoogeveen NED"]
[Date "2007.10.15"]
[Round "4.5"]
[White "Smerdon, David"]
[Black "Smeets, Jan"]
[Result "1/2-1/2"]
[WhiteElo "2466"]
[BlackElo "2558"]
[EventDate "2007.10.12"]
[PlyCount "29"]

1.a3 c6 2.c4 d5 3.e3 Nf6 4.Nf3 Bg4 5.Qb3 Qc7 6.cxd5 cxd5 7.Nc3 e6 8.Nb5 
Qb6 9.Ne5 Nc6 10.Qa4 Bh5 11.Nd4 Rc8 12.b4 Bd6 13.Nexc6 bxc6 14.Ba6 Rc7 15.
Bb2 1/2-1/2

[Event "11th Essent op"]
[Site "Hoogeveen NED"]
[Date "2007.10.15"]
[Round "4.6"]
[White "Gofshtein, Leonid D"]
[Black "Willemze, Thomas"]
[Result "1-0"]
[WhiteElo "2541"]
[BlackElo "2417"]
[EventDate "2007.10.12"]
[PlyCount "45"]

1.d4 Nf6 2.c4 e6 3.e3 c5 4.Nf3 cxd4 5.exd4 d5 6.Nc3 Bb4 7.cxd5 Nxd5 8.Qc2 
Nc6 9.Be2 O-O 10.O-O h6 11.a3 Be7 12.Rd1 Qd6 13.Bc4 Rd8 14.Ba2 Bf8 15.h4 
Nxc3 16.bxc3 e5 17.Bg5 Re8 18.dxe5 Qc5 19.Bxh6 gxh6 20.Qg6+ Kh8 21.Qxf7 
Be6 22.Bxe6 Bg7 23.Rd7 1-0

[Event "11th Essent op"]
[Site "Hoogeveen NED"]
[Date "2007.10.15"]
[Round "4.7"]
[White "Miedema, David"]
[Black "Winants, Luc"]
[Result "0-1"]
[WhiteElo "2303"]
[BlackElo "2504"]
[EventDate "2007.10.12"]
[PlyCount "98"]

1.d4 e6 2.e4 d5 3.Nc3 Bb4 4.e5 b6 5.Qg4 Bf8 6.Bg5 Qd7 7.h4 Ba6 8.Bxa6 Nxa6
9.h5 f6 10.Be3 O-O-O 11.Qe2 Kb7 12.Nf3 Ne7 13.O-O-O f5 14.h6 g6 15.Bg5 Rc8
16.Bf6 Rg8 17.Ng5 Nc6 18.g4 Na5 19.gxf5 gxf5 20.Qh5 Rg6 21.Qxg6 hxg6 22.h7
Bb4 23.Nb1 Nc4 24.Rd3 Be7 25.h8=Q Rxh8 26.Rxh8 Nb4 27.Nc3 Nxd3+ 28.cxd3 
Nxb2 29.Kxb2 Bb4 30.Rh1 Ka6 31.Rc1 c5 32.a4 Ka5 33.Ra1 c4 34.dxc4 dxc4 35.
Rd1 Bxc3+ 36.Kxc3 Qxa4 37.Rb1 Qa3+ 38.Kxc4 Qa2+ 39.Rb3 Qc2+ 40.Rc3 b5+ 41.
Kc5 Qxc3+ 42.Kd6 b4 43.Bd8+ Kb5 44.Nxe6 b3 45.Nc7+ Kc4 46.d5 b2 47.e6 b1=Q
48.e7 Qb6+ 49.Kd7 Qe5 0-1

[Event "11th Essent op"]
[Site "Hoogeveen NED"]
[Date "2007.10.15"]
[Round "4.8"]
[White "Hedke, Fred"]
[Black "Hillarp Persson, Tiger"]
[Result "0-1"]
[WhiteElo "2323"]
[BlackElo "2567"]
[EventDate "2007.10.12"]
[PlyCount "118"]

1.e4 g6 2.d4 Bg7 3.c3 d6 4.Nf3 Nf6 5.Qc2 O-O 6.Be2 c5 7.O-O Qc7 8.d5 e6 9.
c4 exd5 10.exd5 b5 11.Nc3 bxc4 12.Bxc4 Bf5 13.Bd3 Bxd3 14.Qxd3 Nbd7 15.Bf4
Nh5 16.Bd2 c4 17.Qc2 Rab8 18.Rab1 Rfe8 19.Be3 Ne5 20.Nxe5 Bxe5 21.Rfd1 Qd7
22.Ne2 Qg4 23.h3 Qh4 24.Bxa7 Rb7 25.Be3 f5 26.Nd4 Qf6 27.Nf3 Rc8 28.b4 g5 
29.Bd4 g4 30.hxg4 fxg4 31.Nxe5 dxe5 32.Be3 g3 33.fxg3 Nxg3 34.Bf2 Nf5 35.
Rf1 Qg5 36.Qe4 Rg7 37.Rbc1 Nd6 38.Qf3 e4 39.Qh3 Re8 40.Be3 Qg6 41.Bd4 Rf7 
42.Bc5 Rxf1+ 43.Rxf1 Nf7 44.d6 Ne5 45.d7 Rd8 46.Qc3 Qe6 47.Qg3+ Ng6 48.Re1
Rxd7 49.a4 Rd3 50.Qb8+ Kg7 51.Qb7+ Kh6 52.Be3+ Rxe3 53.Rxe3 c3 54.Qxe4 Qb6
55.a5 Qa7 56.Kh1 Qc7 57.Rh3+ Kg5 58.Qe3+ Nf4 59.g3 Qc6+ 0-1